| 000 | 00548nam a22001937a 4500 | ||
|---|---|---|---|
| 003 | OSt | ||
| 005 | 20260407152823.0 | ||
| 008 | 260407b |||||||| |||| 00| 0 eng d | ||
| 020 | _a9780656434497 | ||
| 040 | _cNLM | ||
| 082 | _aQV737 L963b 2018 | ||
| 100 |
_aLucas, Edwards Williams; Steven, H. B. _919573 |
||
| 245 | _aThe Book of Pharmacopoeias and Unofficial Formularies | ||
| 260 | _aPhiladelphia; Blakiston's son, 2018 | ||
| 300 | _aviii,524p; ill: 24cm | ||
| 504 | _aIndex included | ||
| 650 |
_aPharmacopia _919574 |
||
| 942 |
_2z _cO_SHELF |
||
| 999 |
_c9624 _d9624 |
||